Úvod do analytické geometrie

Gespeichert in:
Bibliographische Detailangaben
Format: Buch
Sprache:Tschechisch
Veröffentlicht: Praha Jednota československých matematiků a fysiků 1946
Tags: Tag hinzufügen
Keine Tags, Fügen Sie das erste Tag hinzu!

MARC

LEADER 00000nam a2200000 4500
001 0314827
005 20260209102951.3
041 0 |a cze 
044 |a CZ 
245 1 0 |a Úvod do analytické geometrie  |c Bohumil Bydžovský 
264 1 |a Praha  |b Jednota československých matematiků a fysiků  |c 1946